000 00418 a2200157 4500
005 20250621083955.0
020 _a0-394-35399-4
082 _a330 SCH
100 _aSCHILLER, B. R.
245 _aStudy Guide to Accompany: The Economy Today.
250 _a3rd Ed.
260 _aNew York,
_bRandom House,
_c1986.
300 _a589p.: ill.; graph, table
_c28cm
700 _aTANSEY, M. M & ZIEGLER, L. F.
942 _2ddc
_cBKS
999 _c436
_d436